000 00541nam a2200205Ia 4500
003 OSt
005 20250503123716.0
008 210423s2005 xx 000 0 und d
020 _a631200010
040 _cAL
041 _aeng
082 _a801.95
_223
_bLUCP
100 _aNiall Lucy
_984581
245 _aPostmodern literary theory: an introduction.
260 _aUK
_bBlackwell Publishing
_c2005
300 _axii,283
_bPB
365 _b550
_cINR
906 _aan ; introduction. ; literary ; Postmodern ; theory:
942 _2ddc
_cBK
999 _c158246
_d158246